000 00329 a2200121 4500
001 57435
082 _a358.0092 MAN
090 _c35166
_d35166
100 _aMansoor Shah
245 _aGol bird; Pakistan and its airforce-- observations of a Pilot
260 _aKarachi
_bOxford University Press
_c2002
300 _avii,318p
942 _aNUST-CAE
_k358.0092 MAN
999 _c292508
_d292508